[Event "Wuerttemberg-chT Rapid"]
[Site "Boeblingen"]
[Date "2024.04.13"]
[Round "6.31"]
[White "Retzlaff, Kian"]
[Black "Mikeler, Marcel"]
[Result "1-0"]
[WhiteElo "1793"]
[BlackElo "1945"]
[PlyCount "101"]
[EventDate "2024.04.13"]
[EventType "team-tourn"]
[EventRounds "9"]
[EventCountry "GER"]
[SourceTitle "CB17_2024"]
[SourceDate "2024.04.24"]
[SourceVersion "1"]
[SourceVersionDate "2024.04.24"]
[SourceQuality "1"]

1. d4 Nf6 2. Nf3 g6 3. c4 Bg7 4. Nc3 d6 5. e4 0-0 6. Be2 e5 7. 0-0 Nc6 8. d5 Ne7 9. b4 a5 10. bxa5 Rxa5 11. a4 Nd7 12. Nd2 f5 13. Ba3 b6 14. Bb4 Ra8 15. Nb3 f4 16. a5 Ba6 17. Nb5 Nf6 18. f3 Nd7 19. axb6 Nxb6 20. Qc2 Qd7 21. Ra2 g5 22. Rfa1 Bxb5 23. cxb5 h5 24. Ra7 Rac8 25. Ba5 Qd8 26. Rc1 Na8 27. Nd2 Rf7 28. Nc4 Bf6 29. Nb2 Ng6 30. b6 g4 31. fxg4 Bg5 32. b7 f3 33. Bxf3 Be3+ 34. Kh1 Bxa7 35. gxh5 Nh4 36. Bg4 Rb8 37. bxa8Q Rxa8 38. Be6 Qg5 39. Rf1 Raf8 40. g3 Qxh5 41. gxh4 Kh8 42. Bxf7 Rxf7 43. Rxf7 Qxf7 44. Qg2 Qf4 45. Bd2 Qxh4 46. Nd3 Qh5 47. h3 Qd1+ 48. Kh2 Qh5 49. Bg5 Bd4 50. Bf6+ Kh7 51. Qg7# 1-0

[Event "GER-chT U20"]
[Site "Borken"]
[Date "2016.12.28"]
[Round "4.4"]
[White "Mikeler, Marcel"]
[Black "Wanner, Lukas"]
[Result "1-0"]
[WhiteElo "1870"]
[BlackElo "2009"]
[PlyCount "45"]
[EventDate "2016.12.27"]
[EventType "team-swiss"]
[EventRounds "7"]
[EventCountry "GER"]
[SourceTitle "EXT 2018"]
[Source "ChessBase"]
[SourceDate "2017.10.13"]
[SourceVersion "1"]
[SourceVersionDate "2017.10.13"]
[SourceQuality "1"]
[WhiteTeam "Heilbronn"]
[BlackTeam "Kiel Doppelbauer"]
[WhiteTeamCountry "GER"]
[BlackTeamCountry "GER"]

1. d4 Nf6 2. Nf3 c5 3. d5 e6 4. Nc3 exd5 5. Nxd5 Nxd5 6. Qxd5 Nc6 7. e4 d6 8. c3 Be6 9. Qd1 Be7 10. Bf4 0-0 11. Bd3 d5 12. 0-0 d4 13. cxd4 Nxd4 14. Nxd4 Qxd4 15. Qe2 c4 16. Bc2 b5 17. Be3 Qf6 18. f4 a6 19. e5 Qh4 20. f5 Bc8 21. g3 Qh3 22. Be4 Rb8 23. Bg2 1-0

[Event "NED-ch U16 op"]
[Site "Borne"]
[Date "2013.08.07"]
[Round "5"]
[White "Mikeler, Marcel"]
[Black "Kalle, Erwin"]
[Result "1-0"]
[WhiteElo "1729"]
[BlackElo "1633"]
[PlyCount "95"]
[EventDate "2013.08.05"]
[EventType "swiss"]
[EventRounds "9"]
[EventCountry "NED"]
[SourceTitle "EXT 2015"]
[Source "ChessBase"]
[SourceDate "2014.11.20"]
[SourceVersion "1"]
[SourceVersionDate "2014.11.20"]
[SourceQuality "1"]

1. d4 Nf6 2. Nf3 g6 3. c4 Bg7 4. Nc3 d5 5. cxd5 Nxd5 6. e4 Nxc3 7. bxc3 0-0 8. Be3 c5 9. h3 Qa5 10. Qb3 Nc6 11. Rd1 Rd8 12. Bd2 Qb6 13. d5 Ne5 14. Nxe5 Bxe5 15. Be2 Bd7 16. 0-0 Qxb3 17. axb3 b5 18. f4 Bg7 19. b4 Rdc8 20. Rc1 Rc7 21. Be3 cxb4 22. cxb4 Rac8 23. Rc5 a6 24. Rfc1 Rxc5 25. Rxc5 Kf8 26. Kf2 Ke8 27. Rxc8+ Bxc8 28. e5 f5 29. Bc5 Bf8 30. Ke3 Kd7 31. g3 Kc7 32. Kd4 Bd7 33. Bf3 Be8 34. Kd3 Bf7 35. Bd4 Be8 36. e6 Kb8 37. Bg2 Kc7 38. g4 h5 39. g5 Kb8 40. Be5+ Ka7 41. Kd4 Kb6 42. Bf1 a5 43. bxa5+ Kxa5 44. d6 exd6 45. Bf6 Bc6 46. e7 Bxe7 47. Bxe7 Be4 48. Bxd6 1-0

[Event "GER-ch U14 DEM op"]
[Site "Oberhof"]
[Date "2010.05.25"]
[Round "3"]
[White "Mikeler, Marcel"]
[Black "Hansch, Stephan"]
[Result "1/2-1/2"]
[WhiteElo "1180"]
[BlackElo "1832"]
[PlyCount "72"]
[EventDate "2010.05.23"]
[EventType "swiss"]
[EventRounds "7"]
[EventCountry "GER"]
[SourceTitle "CBM 136 Extra"]
[Source "ChessBase"]
[SourceDate "2010.07.02"]
[SourceVersion "2"]
[SourceVersionDate "2010.07.15"]
[SourceQuality "1"]

1. e4 c5 2. d4 cxd4 3. c3 d3 4. Bxd3 d6 5. Nf3 Nf6 6. 0-0 e6 7. Bg5 Be7 8. Nbd2 0-0 9. Rc1 d5 10. e5 Nfd7 11. Bxe7 Qxe7 12. Re1 Nc6 13. Qc2 g6 14. Nb3 a6 15. a4 b6 16. Nbd4 Bb7 17. b3 Nc5 18. b4 Nxd3 19. Qxd3 Rac8 20. Nxc6 Rxc6 21. Nd4 Rc4 22. Rc2 Rfc8 23. Rec1 f6 24. f4 fxe5 25. fxe5 Rf8 26. Rf1 Rxf1+ 27. Qxf1 Bc8 28. h3 Qc7 29. Rf2 Qxe5 30. Rf8+ Kg7 31. Qf7+ Kh6 32. Rg8 Rxc3 33. Qf8+ Kh5 34. g4+ Kh4 35. Nf3+ Rxf3 36. Qxf3 Qe1+ 1/2-1/2